[Event "Superettan(Kungstornet-Solna)"]
[Site "?"]
[Date "2013.11.24"]
[Round "3"]
[White "Jonsson, Mikael"]
[Black "Lyrberg, Patrik"]
[Result "1/2-1/2"]
[WhiteElo "2357"]
[BlackElo "2540"]
[PlyCount "76"]

1. d4 Nf6 2. c4 e6 3. Nc3 d5 4. Bg5 Be7 5. e3 b6 6. Nf3 Bb7 7. Be2 Nbd7 8. O-O
O-O 9. Rc1 c5 10. dxc5 Nxc5 11. Qd4 dxc4 12. Bxc4 Qxd4 13. Nxd4 Rfc8 14. Rfd1
a6 15. Be2 Kf8 16. Nf3 Nd5 17. Bxe7+ Kxe7 18. Ne5 b5 19. Bf3 Nf6 20. Bxb7 Nxb7
21. Ne2 Rc5 22. Nd4 Ke8 23. Rxc5 Nxc5 24. Rc1 Ncd7 25. Nd3 Nd5 26. Rc6 e5 27.
Nf5 g6 28. Nd6+ Ke7 29. Ne4 f5 30. Ng5 e4 31. Nf4 Nxf4 32. exf4 h6 33. Ne6 Nb8
34. Rb6 Nd7 35. Rc6 Nb8 36. Rb6 Nd7 37. Rc6 Nb8 38. Rb6 Nd7 1/2-1/2

[Event "Superettan(Kungstornet-Solna)"]
[Site "?"]
[Date "2013.11.24"]
[Round "3"]
[White "Engstrom, Kaj"]
[Black "Landgren, Andreas"]
[Result "1/2-1/2"]
[WhiteElo "2284"]
[BlackElo "2249"]
[PlyCount "124"]

1. e4 c5 2. Nf3 d6 3. c3 Nf6 4. Be2 e6 5. O-O Be7 6. Qc2 Qc7 7. a4 O-O 8. Na3
a6 9. Qb1 Nbd7 10. d4 b6 11. Bg5 Bb7 12. Bd3 h6 13. Bh4 Rfe8 14. h3 Bc6 15. Re1
Bxa4 16. e5 dxe5 17. dxe5 Nh5 18. Bxe7 Rxe7 19. Qc1 Bc6 20. Be4 Qb7 21. Bxc6
Qxc6 22. Qe3 f5 23. Nc4 g5 24. Red1 Nf4 25. Rd6 Qb7 26. Rad1 Rg7 27. Qd2 Ra7
28. Kh2 Qe4 29. Nxb6 Nxe5 30. Qe3 Nxf3+ 31. gxf3 Qb7 32. b4 cxb4 33. cxb4 Qf7
34. Rg1 Qc7 35. Qc5 a5 36. Rc6 Qf7 37. bxa5 Qh5 38. Rg3 Ne2 39. Qe3 Nxg3 40.
Qxe6+ Raf7 41. Nd5 Nf1+ 42. Kg2 Kh7 43. Kxf1 Qxh3+ 44. Ke2 g4 45. f4 g3 46.
fxg3 Qh5+ 47. Kf2 Qh2+ 48. Kf1 Qh3+ 49. Ke2 Qg2+ 50. Kd1 Qf3+ 51. Kc1 Qa3+ 52.
Kc2 Qa2+ 53. Kc1 Qa1+ 54. Kc2 Qa2+ 55. Kd1 Qb1+ 56. Kd2 Qb2+ 57. Kd1 Qd4+ 58.
Ke2 Qb2+ 59. Ke1 Qb1+ 60. Ke2 Qb2+ 61. Kf3 Qb3+ 62. Ke2 Qb2+ 1/2-1/2

[Event "Superettan(Kungstornet-Solna)"]
[Site "?"]
[Date "2013.11.24"]
[Round "3"]
[White "Lindborg, Petter"]
[Black "Holving, Rasmus"]
[Result "1-0"]
[WhiteElo "2242"]
[BlackElo "2256"]
[PlyCount "111"]

1. d4 Nc6 2. c4 e5 3. d5 Nce7 4. e4 Ng6 5. Be3 Bb4+ 6. Nc3 b6 7. Qa4 Qe7 8.
Nge2 Nf4 9. a3 Nd3+ 10. Kd2 Bxc3+ 11. Nxc3 Nc5 12. Qc2 Nf6 13. Be2 O-O 14. g4
d6 15. f3 Bd7 16. b4 Nb7 17. Bd3 Rfc8 18. Qb2 Be8 19. Ne2 a6 20. Rac1 c5 21.
dxc6 Rxc6 22. Nc3 Qd8 23. Nd5 Nd7 24. h4 Nf8 25. g5 Ne6 26. Rhg1 Rac8 27. f4 b5
28. cxb5 Rxc1 29. Rxc1 Rxc1 30. Qxc1 Bxb5 31. Bxb5 axb5 32. f5 Nf8 33. Qc8 Qxc8
34. Ne7+ Kh8 35. Nxc8 Nd7 36. Na7 d5 37. Nxb5 d4 38. Bf2 Nb6 39. Kd3 Kg8 40.
Bg3 f6 41. Kc2 Kf7 42. Kb3 Ke7 43. a4 Kd7 44. a5 Nc8 45. a6 Nd8 46. a7 Nb6 47.
Na3 Nc6 48. Nc4 Nc8 49. b5 N6xa7 50. b6 Nc6 51. Bxe5 fxe5 52. b7 Nb6 53. Nxe5+
Kc7 54. Nxc6 Kxb7 55. Nxd4 Kc8 56. Ne6 1-0

[Event "Superettan(Kungstornet-Solna)"]
[Site "?"]
[Date "2013.11.24"]
[Round "3"]
[White "Henriksson, Johan"]
[Black "Bjarnehag, Peter"]
[Result "1-0"]
[WhiteElo "2279"]
[BlackElo "2188"]
[PlyCount "59"]

1. d4 c5 2. dxc5 e6 3. Nc3 Bxc5 4. Ne4 d5 5. Nxc5 Qa5+ 6. c3 Qxc5 7. e4 dxe4 8.
Be3 Qe7 9. Qa4+ Nd7 10. Qxe4 Ngf6 11. Qh4 Nd5 12. Bg5 f6 13. Bd2 Ne5 14. f4 Ng6
15. Qf2 Qc7 16. Bb5+ Bd7 17. Bxd7+ Qxd7 18. Ne2 e5 19. O-O-O exf4 20. Nxf4
Ngxf4 21. Bxf4 O-O 22. Qf3 Rfd8 23. Rd4 Rac8 24. Rhd1 Rc5 25. Kb1 Qf5+ 26. Qd3
Qxd3+ 27. R1xd3 b5 28. Bd2 a5 29. b4 axb4 30. cxb4 1-0

[Event "Superettan(Kungstornet-Solna)"]
[Site "?"]
[Date "2013.11.24"]
[Round "3"]
[White "Steneskog, Per"]
[Black "Holmquist, Gunnar"]
[Result "1-0"]
[WhiteElo "2247"]
[BlackElo "2247"]
[PlyCount "101"]
[EventDate "2013.??.??"]

1. d4 Nf6 2. c4 e6 3. Nc3 d5 4. cxd5 exd5 5. Bg5 Be7 6. e3 O-O 7. Bd3 Re8 8.
Qc2 h6 9. Bxf6 Bxf6 10. Nge2 c6 11. b4 Bg4 12. O-O Bxe2 13. Bxe2 Qd6 14. Qb3
Nd7 15. b5 Nb6 16. Rac1 Be7 17. Na4 Nxa4 18. Qxa4 Qa3 19. Qxa3 Bxa3 20. Rc3 Bb4
21. Rb3 Bd6 22. Rc1 Rac8 23. bxc6 bxc6 24. Rbc3 c5 25. Bf3 Rcd8 26. dxc5 Be5
27. Rd3 d4 28. Rcd1 Bf6 29. c6 dxe3 30. fxe3 Rc8 31. Bg4 Rc7 32. Bd7 Rd8 33.
Kf2 Kf8 34. Ke2 Be5 35. g3 Rb8 36. Rb3 Rxb3 37. axb3 Bc3 38. Rd5 f6 39. Kd3 Bb4
40. Ke4 g6 41. Rb5 Bd6 42. Rb8+ Ke7 43. Re8+ Kf7 44. Kd5 Ba3 45. Re4 h5 46. Re6
Bb4 47. Re4 Ba3 48. b4 f5 49. Rc4 Ke7 50. e4 Bc1 51. Rxc1 1-0

[Event "Superettan(Kungstornet-Solna)"]
[Site "?"]
[Date "2013.11.24"]
[Round "3"]
[White "Aronsson, Marten"]
[Black "Branca, Rui"]
[Result "1-0"]
[WhiteElo "2226"]
[BlackElo "2080"]
[PlyCount "87"]

1. d4 Nf6 2. Nf3 g6 3. g3 Bg7 4. Bg2 O-O 5. O-O d6 6. Re1 Nc6 7. Nc3 Re8 8. h3
e5 9. dxe5 Nxe5 10. Nxe5 Rxe5 11. Bf4 Re8 12. Qd2 Bd7 13. Bg5 Bc6 14. e4 Qd7
15. Rad1 Re6 16. f3 Qe8 17. Ne2 Qf8 18. Nd4 Re5 19. Kh2 Nd7 20. c4 a5 21. Be3
Re7 22. Nxc6 bxc6 23. f4 Ra6 24. Bd4 c5 25. Bc3 Bxc3 26. Qxc3 Qg7 27. e5 dxe5
28. Bb7 Rb6 29. Bc8 Nf8 30. fxe5 Ne6 31. Bxe6 Rbxe6 32. Rd8+ Re8 33. Rxe8+ Rxe8
34. Qxa5 Qh6 35. Re2 Qh5 36. g4 Qg5 37. Qxc5 Qf4+ 38. Kg2 Rd8 39. b3 h5 40. Qf2
Qh6 41. Qf6 Rd1 42. e6 hxg4 43. exf7+ Kh7 44. f8=N+ 1-0

[Event "Superettan(Sollentuna-Manhem I)"]
[Site "?"]
[Date "2013.11.24"]
[Round "3"]
[White "Welin, Mats"]
[Black "Poley, Vladimir"]
[Result "1-0"]
[WhiteElo "2384"]
[BlackElo "2439"]
[PlyCount "69"]

1. e4 d5 2. exd5 Qxd5 3. Nc3 Qd8 4. d4 g6 5. Bf4 Nh6 6. Qd2 Nf5 7. Nf3 Bg7 8.
O-O-O Nd7 9. g4 Nd6 10. Bh6 Bxh6 11. Qxh6 Nf6 12. h3 c6 13. Bd3 Be6 14. Rhe1
Kd7 15. Qf4 Qa5 16. Qe5 Qd8 17. Ng5 Bd5 18. Nxd5 Nxd5 19. c4 Nc7 20. Qe3 Qf8
21. Kb1 Re8 22. d5 cxd5 23. cxd5 a6 24. Qc5 Qg7 25. Nf3 Rc8 26. Ne5+ Kd8 27.
Qb6 Qf6 28. Bc2 Rf8 29. Ba4 Ne4 30. d6 Nxd6 31. Nd7 Qf4 32. Nxf8 Qxa4 33. Rxd6+
Ke8 34. Qxb7 Kxf8 35. Qxc8+ 1-0

[Event "Superettan(Sollentuna-Manhem I)"]
[Site "?"]
[Date "2013.11.24"]
[Round "3"]
[White "Tsyhanchuk, Stanislav"]
[Black "Winsnes, Rikard"]
[Result "1/2-1/2"]
[WhiteElo "2400"]
[BlackElo "2489"]
[PlyCount "34"]

1. d4 Nf6 2. g3 g6 3. Bg2 d5 4. Nf3 Bg7 5. c4 O-O 6. cxd5 Nxd5 7. O-O Nb6 8.
Nc3 Nc6 9. e3 Re8 10. b3 e5 11. dxe5 Nxe5 12. Nxe5 Bxe5 13. Bb2 c6 14. Qc2 Qe7
15. e4 h5 16. Ne2 Bxb2 17. Qxb2 h4 1/2-1/2

[Event "Superettan(Sollentuna-Manhem I)"]
[Site "?"]
[Date "2013.11.24"]
[Round "3"]
[White "Landgren, Philip"]
[Black "Aroven, Mikael"]
[Result "1/2-1/2"]
[WhiteElo "2313"]
[BlackElo "2250"]
[PlyCount "153"]

1. d4 Nf6 2. Nf3 e6 3. c3 b6 4. Bg5 h6 5. Bh4 Bb7 6. e3 Be7 7. Nbd2 c5 8. Bd3
Nc6 9. O-O O-O 10. Qe2 d6 11. Ba6 Qc8 12. Bxb7 Qxb7 13. Rfd1 d5 14. Rab1 Rac8
15. dxc5 bxc5 16. e4 Rfe8 17. exd5 exd5 18. Qd3 Red8 19. a4 Qd7 20. Qb5 Rb8 21.
Qd3 Qg4 22. Bg3 Bd6 23. b3 Bxg3 24. hxg3 Ne4 25. Qe3 f5 26. Nxe4 fxe4 27. Nh2
Qg5 28. Qxc5 Rbc8 29. Nf1 Ne5 30. Qxa7 Rxc3 31. Ne3 Nc6 32. Qb6 Rb8 33. Qc7 d4
34. Rxd4 Nxd4 35. Qxb8+ Kh7 36. Qb4 Ne2+ 37. Kf1 Nxg3+ 38. Kg1 Rxe3 39. fxg3
Qxg3 40. Qb5 Qg4 41. Rf1 Rg3 42. Qf5+ Qxf5 43. Rxf5 Rxb3 44. Re5 Rb4 45. a5 Kg6
46. a6 Ra4 47. a7 Rxa7 48. Rxe4 Kf5 49. Rb4 Ra5 50. Kh2 Kg5 51. Rc4 Kh5 52. Kh3
Ra3+ 53. g3 Ra5 54. Rb4 Re5 55. Ra4 Re2 56. Ra6 Re3 57. Ra5+ Kg6 58. Kg4 Re4+
59. Kf3 Rb4 60. Rc5 Kf6 61. Ra5 Rd4 62. Ke3 Rd6 63. Kf3 g5 64. Kg4 Kg6 65. Rb5
h5+ 66. Kh3 Rf6 67. Ra5 Re6 68. Rb5 Kf6 69. Ra5 Re5 70. Ra6+ Kf5 71. Ra4 Rd5
72. g4+ hxg4+ 73. Rxg4 Rd2 74. Ra4 Rd3+ 75. Kg2 Kg6 76. Rb4 Kh5 77. Ra4 1/2-1/2

[Event "Superettan(Sollentuna-Manhem I)"]
[Site "?"]
[Date "2013.11.24"]
[Round "3"]
[White "Kassani, Sam"]
[Black "Akesson, Joel"]
[Result "1-0"]
[WhiteElo "2249"]
[BlackElo "2358"]
[PlyCount "74"]

1. d4 Nf6 2. Nf3 e6 3. e3 b6 4. Bd3 Bb7 5. Nbd2 c5 6. O-O Be7 7. b3 O-O 8. Bb2
d6 9. Re1 Nbd7 10. a3 Rc8 11. Rc1 Re8 12. Qe2 Qc7 13. Bb5 Red8 14. Ba6 d5 15.
Bxb7 Qxb7 16. c4 cxd4 17. Nxd4 Nc5 18. b4 Nce4 19. Nxe4 Nxe4 20. f3 Nd6 21.
cxd5 Qxd5 22. b5 Bh4 23. g3 Rxc1 24. Rxc1 Bg5 25. Nc6 Re8 26. a4 Qa2 27. Rd1
Qc4 28. Qd2 Nf5 29. f4 Bf6 30. Bxf6 gxf6 31. g4 Nh4 32. Qf2 Ng6 33. Qd2 e5 34.
Qd7 Rf8 35. h3 Qc3 36. Rd3 Qc1+ 37. Kg2 e4 1-0

[Event "Superettan(Sollentuna-Manhem I)"]
[Site "?"]
[Date "2013.11.24"]
[Round "3"]
[White "Fendrich, David"]
[Black "Berdychevaskaya, Natasha"]
[Result "0-1"]
[WhiteElo "2265"]
[BlackElo "2199"]
[PlyCount "78"]

1. g3 d5 2. c4 c6 3. Nf3 Nf6 4. Bg2 g6 5. b3 Bg7 6. Bb2 O-O 7. O-O Qb6 8. Qc2
Bf5 9. d3 a5 10. Nc3 Na6 11. Rae1 Nb4 12. Qb1 Rfd8 13. cxd5 cxd5 14. Na4 Qa7
15. Bd4 Qb8 16. Be5 Qa7 17. Nd4 Bd7 18. Qb2 Ne8 19. Bxg7 Nxg7 20. Nc5 Be8 21.
a3 Nc6 22. Nxc6 Bxc6 23. d4 Qb8 24. b4 axb4 25. axb4 Bb5 26. Ra1 Rxa1 27. Rxa1
b6 28. Nb3 Qd6 29. Qd2 Bc4 30. Nc1 Nf5 31. e3 e5 32. dxe5 Qxe5 33. Ra7 d4 34.
e4 Nd6 35. f3 Nb5 36. f4 Qe6 37. Ra1 d3 38. Ne2 Qd7 39. Rd1 dxe2 0-1

[Event "Superettan(Sollentuna-Manhem I)"]
[Site "?"]
[Date "2013.11.24"]
[Round "3"]
[White "Jansson Owen, Anders"]
[Black "Moberg, Karl Johan"]
[Result "0-1"]
[WhiteElo "2123"]
[BlackElo "2336"]
[PlyCount "110"]

1. Nf3 Nf6 2. c4 g6 3. Nc3 d5 4. cxd5 Nxd5 5. Qa4+ c6 6. Nxd5 Qxd5 7. e4 Qd8 8.
d4 Bg7 9. Be3 O-O 10. Be2 Nd7 11. O-O e5 12. Rad1 exd4 13. Nxd4 Qe7 14. Qc2 Re8
15. Bf3 Ne5 16. Rfe1 Nxf3+ 17. gxf3 Bh3 18. Ne2 Be5 19. f4 Bxb2 20. Ng3 Bg7 21.
e5 Red8 22. Ne4 Qh4 23. Qe2 Bxe5 24. Ng5 Bc3 25. Rxd8+ Rxd8 26. Rb1 Qg4+ 27.
Qxg4 Bxg4 28. Rxb7 Rd7 29. Rxd7 Bxd7 30. Bxa7 Bf5 31. Nf3 Bb1 32. a3 Kf8 33.
Kf1 Bd3+ 34. Kg2 Be4 35. Kg3 f6 36. Nd4 Bxd4 37. Bxd4 Ke7 38. f3 Bc2 39. Kf2
Bd1 40. Ke3 Ke6 41. Ke4 f5+ 42. Kd3 Kd5 43. Be5 Bxf3 44. Bf6 Bd1 45. Be5 g5 46.
Bc7 g4 47. Bd8 c5 48. Bf6 h5 49. Bc3 h4 50. Be1 g3 51. h3 Ba4 52. Ke3 Kc4 53.
Ba5 Kb3 54. Bd8 c4 55. Bxh4 c3 0-1

[Event "Superettan(Sollentuna-Manhem I)"]
[Site "?"]
[Date "2013.11.24"]
[Round "3"]
[White "Berggren Torell, Harald"]
[Black "Jakenberg, Jussi"]
[Result "1/2-1/2"]
[WhiteElo "2217"]
[BlackElo "2104"]
[PlyCount "41"]

1. e4 e5 2. Nf3 Nf6 3. Nc3 Bb4 4. Nxe5 O-O 5. Nd3 Bxc3 6. dxc3 Nxe4 7. Nf4 d6
8. Be3 Nc6 9. Qd5 Qe7 10. O-O-O Bd7 11. Bd3 Rfe8 12. Rhe1 Nf6 13. Qg5 Ng4 14.
Qxe7 Nxe7 15. h3 Nxe3 16. Rxe3 Bc6 17. Rde1 Kf8 18. Be4 Bxe4 19. Rxe4 Ng6 20.
Nxg6+ hxg6 21. Kd2 1/2-1/2

[Event "Superettan(Sollentuna-Manhem I)"]
[Site "?"]
[Date "2013.11.24"]
[Round "3"]
[White "Stromback, Henrik"]
[Black "Kinnmark, Ove"]
[Result "0-1"]
[WhiteElo "1862"]
[BlackElo "2235"]
[PlyCount "126"]

1. e4 e5 2. Nf3 Nc6 3. Bb5 a6 4. Ba4 Nf6 5. O-O Be7 6. Re1 b5 7. Bb3 d6 8. c3
O-O 9. h3 Nb8 10. d4 Nbd7 11. Nbd2 Bb7 12. Bc2 Re8 13. Nf1 Bf8 14. Ng3 g6 15.
a4 c6 16. Be3 h6 17. dxe5 dxe5 18. Qe2 Qc7 19. Red1 bxa4 20. Bxa4 Nc5 21. Bc2
a5 22. b4 Ba6 23. Qe1 axb4 24. cxb4 Ncd7 25. Qc3 Bb5 26. Bb3 Rxa1 27. Rxa1 Qd6
28. Rc1 Qxb4 29. Qxb4 Bxb4 30. Bxh6 Nc5 31. Bc4 Ncxe4 32. Nxe4 Nxe4 33. Bxb5
cxb5 34. Rb1 Bc5 35. Be3 Bxe3 36. fxe3 Nd6 37. Rb4 f6 38. Rb2 Ra8 39. Kf2 Kf7
40. Ke2 Ra3 41. Nd2 Rc3 42. Nf1 Ke6 43. Kd2 Rc5 44. Ke2 f5 45. Nd2 Rc3 46. Nf1
Kd5 47. Nd2 Kc6 48. Nf1 Nc4 49. Ra2 Kb7 50. g4 fxg4 51. hxg4 e4 52. g5 b4 53.
Ra4 Rb3 54. Ra2 Rc3 55. Ra4 Rc2+ 56. Kd1 Rb2 57. Kc1 Rb3 58. Kc2 Rc3+ 59. Kb1
b3 60. Rb4+ Kc6 61. Ng3 Nd2+ 62. Ka1 Rc1+ 63. Kb2 Rc2+ 0-1

[Event "Superettan(Rockaden,Umea-Manhem II)"]
[Site "?"]
[Date "2013.11.24"]
[Round "3"]
[White "Aira, Johannes"]
[Black "Petrov, Marijan"]
[Result "0-1"]
[WhiteElo "2157"]
[BlackElo "2551"]
[PlyCount "56"]

1. e4 c5 2. a3 d5 3. exd5 Qxd5 4. Nc3 Qd8 5. Nf3 Nc6 6. b4 e6 7. Bb5 cxb4 8.
axb4 Bxb4 9. Bb2 Nf6 10. Ra4 a5 11. Qa1 Bd7 12. Ne2 O-O 13. O-O e5 14. Ng3 Re8
15. c3 Bd6 16. Rh4 e4 17. Ng5 Ng4 18. Bxc6 bxc6 19. Rh5 Bxg3 20. fxg3 Qb6+ 21.
Kh1 Nf2+ 22. Rxf2 Qxf2 23. c4 e3 24. Bd4 h6 25. dxe3 Bg4 26. Rh4 hxg5 27. Rxg4
Qf5 28. h3 Rad8 0-1

[Event "Superettan(Rockaden,Umea-Manhem II)"]
[Site "?"]
[Date "2013.11.24"]
[Round "3"]
[White "Wickstrom, Lucas"]
[Black "Outgajjouft, Said"]
[Result "1-0"]
[WhiteElo "2397"]
[BlackElo "2171"]
[PlyCount "49"]
[EventDate "2013.??.??"]

1. d4 d5 2. Nf3 Nf6 3. c4 c6 4. Nc3 dxc4 5. a4 Na6 6. e3 Bg4 7. Bxc4 Nb4 8. Ne5
Be6 9. Bxe6 fxe6 10. Qb3 a5 11. Qxe6 Qc8 12. Qf7+ Kd8 13. Qb3 Ke8 14. O-O e6
15. e4 Bd6 16. Nc4 Bc7 17. e5 Nfd5 18. Ne4 Kf8 19. Ra3 b6 20. Qg3 Qd7 21. Qg4
Ke8 22. Rf3 Rf8 23. Ncd6+ Bxd6 24. Nxd6+ Ke7 25. Qxg7+ 1-0

[Event "Superettan(Rockaden,Umea-Manhem II)"]
[Site "?"]
[Date "2013.11.24"]
[Round "3"]
[White "Andersson, Goran"]
[Black "Malmstig, Erik"]
[Result "1-0"]
[WhiteElo "2212"]
[BlackElo "2312"]
[PlyCount "137"]

1. e4 e5 2. Nf3 Nc6 3. Bb5 a6 4. Ba4 Bc5 5. O-O b5 6. Bb3 d6 7. c3 Bb6 8. a4
Rb8 9. Na3 Na5 10. Bc2 c6 11. d3 Nf6 12. b4 Nb7 13. Bb2 Qe7 14. d4 O-O 15. c4
exd4 16. Nxd4 Bxd4 17. Qxd4 bxa4 18. Qc3 a5 19. bxa5 Nxa5 20. Rfe1 Nb3 21. Rab1
Re8 22. e5 dxe5 23. Qxe5 Qxe5 24. Bxe5 Ra8 25. Bxf6 Rxe1+ 26. Rxe1 gxf6 27.
Re8+ Kg7 28. Kf1 Bb7 29. Rxa8 Bxa8 30. Ke1 c5 31. f3 Bc6 32. Bxb3 axb3 33. Kd2
Kf8 34. Kc3 Ba4 35. Kb2 Ke7 36. Nb1 Kd6 37. Nc3 Bc6 38. Kxb3 Ke5 39. Ne2 f5 40.
Kc3 f4 41. Nc1 Ba4 42. Nd3+ Kd6 43. Nxf4 Bd1 44. Kd2 Bb3 45. Kd3 Ke5 46. Nd5
Ba4 47. Nc3 Bc6 48. Ke3 f5 49. g3 Bb7 50. Na4 Ba6 51. Nb2 Bb7 52. Nd3+ Kd6 53.
Kf4 Ba6 54. Ne5 Ke6 55. h4 h5 56. Nd3 Kd6 57. Nb2 Bb7 58. Nd3 Ba6 59. Kxf5 Bxc4
60. Nxc5 Kxc5 61. g4 Bd5 62. gxh5 Bxf3 63. h6 Bd1 64. Kf6 Bc2 65. Kg7 Kd5 66.
h7 Bxh7 67. Kxh7 Ke6 68. Kg7 Kf5 69. h5 1-0

[Event "Superettan(Rockaden,Umea-Manhem II)"]
[Site "?"]
[Date "2013.11.24"]
[Round "3"]
[White "Forsberg, Viktor"]
[Black "Alwaeli, Laith"]
[Result "1-0"]
[WhiteElo "2348"]
[BlackElo "2113"]
[PlyCount "81"]

1. e4 e6 2. d4 d5 3. Nc3 Nf6 4. Bg5 Be7 5. e5 Nfd7 6. Bxe7 Qxe7 7. f4 O-O 8.
Nf3 c5 9. dxc5 Nc6 10. Qd2 Qxc5 11. Bd3 f6 12. exf6 Nxf6 13. O-O-O Rb8 14. Rhf1
b5 15. Ne2 a5 16. Qc3 Qd6 17. Ne5 Nb4 18. Kb1 Ba6 19. Nd4 Rfc8 20. Qd2 Nxd3 21.
cxd3 b4 22. Rc1 a4 23. Rxc8+ Rxc8 24. Rc1 Rxc1+ 25. Qxc1 Nd7 26. Qc6 Qxc6 27.
Ndxc6 Nxe5 28. Nxe5 Bb5 29. Kc2 Kf8 30. g4 Ke7 31. g5 Be8 32. d4 Kd6 33. a3
bxa3 34. bxa3 Ke7 35. Kc3 Kd6 36. Kb4 h5 37. h4 Ke7 38. Kc5 g6 39. Kb6 Kd6 40.
Kb7 Ke7 41. Kc7 1-0

[Event "Superettan(Rockaden,Umea-Manhem II)"]
[Site "?"]
[Date "2013.11.24"]
[Round "3"]
[White "Larsson, Dan"]
[Black "Eriksson, Jorgen"]
[Result "0-1"]
[WhiteElo "2085"]
[BlackElo "2266"]
[PlyCount "104"]

1. e4 d6 2. d4 Nf6 3. Nc3 e5 4. dxe5 dxe5 5. Qxd8+ Kxd8 6. Bg5 Be6 7. O-O-O+
Nbd7 8. Nf3 Kc8 9. a3 Bc5 10. Bh4 Ng4 11. Rd2 f6 12. b4 Bd6 13. Nd5 Bxd5 14.
exd5 a5 15. c3 axb4 16. axb4 e4 17. Rd4 f5 18. h3 Nh6 19. Ng5 Be5 20. Rc4 Nb6
21. Rc5 Na4 22. Ra5 Rxa5 23. bxa5 Nxc3 24. Bc4 Bf6 25. Kc2 Na4 26. a6 bxa6 27.
Bxa6+ Kb8 28. Bb5 Nb6 29. Bc6 Rd8 30. Rb1 Kc8 31. f4 Rxd5 32. Bxd5 Nxd5 33. g3
Ng8 34. Nxh7 Bxh4 35. gxh4 Nxf4 36. Rf1 Ne6 37. Ng5 Kd7 38. Rg1 Nd4+ 39. Kd1
Nf6 40. Nf7 Ke7 41. Ne5 Ke6 42. Nc4 Kf7 43. Ne5+ Kg8 44. Ng6 Nd5 45. Rg5 e3 46.
Ne5 Nb4 47. Rg2 f4 48. Rb2 c5 49. Nc4 Nd3 50. Rb8+ Kf7 51. Rb7+ Ke6 52. Nd2 e2#
0-1

[Event "Superettan(Rockaden,Umea-Manhem II)"]
[Site "?"]
[Date "2013.11.24"]
[Round "3"]
[White "Lindgren, Fredrik"]
[Black "Lundstrom, Mattias"]
[Result "1/2-1/2"]
[WhiteElo "2260"]
[BlackElo "2078"]
[PlyCount "151"]

1. d4 d5 2. Nf3 e6 3. g3 Nf6 4. Bg2 Bd6 5. O-O O-O 6. c4 c6 7. b3 b6 8. Nbd2
Bb7 9. Bb2 Nbd7 10. Qc2 c5 11. Rac1 Rc8 12. Qb1 Qe7 13. Qa1 cxd4 14. Nxd4 Ba3
15. cxd5 Bxb2 16. Qxb2 exd5 17. Bh3 Rxc1 18. Rxc1 Nc5 19. N2f3 g6 20. b4 Nce4
21. Nc6 Bxc6 22. Rxc6 Rd8 23. a3 Ne8 24. Qe5 Qxe5 25. Nxe5 N4d6 26. Rc1 f5 27.
g4 Kg7 28. gxf5 gxf5 29. Rd1 Kf6 30. f4 Nc7 31. Bg2 Ne4 32. e3 Nb5 33. a4 Nbc3
34. Ra1 Rd6 35. b5 d4 36. exd4 Rxd4 37. Nc6 Rxa4 38. Rxa4 Nxa4 39. Nxa7 Nac3
40. Bf1 Nd2 41. Nc8 Nxf1 42. Kxf1 Nd5 43. Kf2 Ke6 44. Kg3 Kd7 45. Na7 Kd6 46.
Kf3 Kc5 47. Nc8 Nc3 48. Ne7 Nxb5 49. Nxf5 Nd4+ 50. Ke4 Nxf5 51. Kxf5 Kd6 52.
Kf6 b5 53. f5 b4 54. Kg7 b3 55. f6 b2 56. f7 b1=Q 57. f8=Q+ Kd7 58. Qf7+ Kd6
59. Qf6+ Kd7 60. h4 Qe4 61. Qg5 Qe7+ 62. Kh6 Qf7 63. h5 Ke6 64. Qg4+ Kf6 65.
Qf4+ Ke6 66. Qe4+ Kf6 67. Qd4+ Ke6 68. Qg4+ Kf6 69. Qg5+ Ke6 70. Qg7 Qxg7+ 71.
Kxg7 Ke7 72. h6 Ke8 73. Kxh7 Kf8 74. Kg6 Kg8 75. h7+ Kh8 76. Kh6 1/2-1/2

[Event "Superettan(Rockaden,Umea-Manhem II)"]
[Site "?"]
[Date "2013.11.24"]
[Round "3"]
[White "Bengtsson, Jonas"]
[Black "Hammar, Ulf"]
[Result "1-0"]
[WhiteElo "2068"]
[BlackElo "2208"]
[PlyCount "71"]

1. d4 d5 2. c4 c6 3. Nf3 Nf6 4. Nc3 dxc4 5. a4 Bf5 6. Ne5 Nbd7 7. Nxc4 Nb6 8.
Ne5 a5 9. g3 e6 10. Bg2 Bb4 11. O-O O-O 12. e3 h6 13. Qe2 Bh7 14. Rd1 Nfd7 15.
Nxd7 Nxd7 16. e4 Qe7 17. Be3 e5 18. dxe5 Nxe5 19. Na2 Bc5 20. Rac1 Bxe3 21.
Qxe3 Qe6 22. b3 Rad8 23. h3 Nd7 24. Rc4 Nf6 25. Rcd4 Rxd4 26. Rxd4 Re8 27. f3
b5 28. Qd3 Qe5 29. Kh2 c5 30. Rd6 c4 31. bxc4 bxc4 32. Qd2 Nh5 33. f4 Qe7 34.
Nc3 Qa7 35. g4 Nf6 36. e5 1-0

[Event "Superettan(Rockaden,Umea-Manhem II)"]
[Site "?"]
[Date "2013.11.24"]
[Round "3"]
[White "Nygren, David"]
[Black "Andreasson, Vincent"]
[Result "1-0"]
[WhiteElo "2231"]
[BlackElo "2076"]
[PlyCount "43"]

1. e4 c5 2. c3 Nf6 3. e5 Nd5 4. d4 cxd4 5. Nf3 Nc6 6. Bc4 Nb6 7. Bb3 d5 8. exd6
Qxd6 9. O-O Be6 10. Na3 Bxb3 11. Qxb3 Qd5 12. Nb5 Qxb3 13. axb3 Kd7 14. Rd1 a6
15. Nbxd4 Nxd4 16. Rxd4+ Ke8 17. Rb4 Rd8 18. Be3 Nd5 19. Rxb7 Nxe3 20. fxe3 e6
21. Ne5 Be7 22. Nc6 1-0

[Event "Superettan(Kamraterna-Schack 08)"]
[Site "?"]
[Date "2013.11.24"]
[Round "3"]
[White "Renman, Nils-Gustaf"]
[Black "Aberg, Anton"]
[Result "1/2-1/2"]
[WhiteElo "2386"]
[BlackElo "2412"]
[PlyCount "49"]

1. d4 d5 2. Nf3 Nf6 3. c4 c6 4. e3 a6 5. Be2 Bg4 6. Qb3 Ra7 7. O-O e6 8. Bd2
Nbd7 9. h3 Bh5 10. cxd5 exd5 11. Bb4 Bxb4 12. Qxb4 a5 13. Qa3 Qe7 14. Qxe7+
Kxe7 15. Nc3 Ne4 16. Rac1 a4 17. Rfd1 f5 18. Kf1 Rf8 19. Ne1 Bxe2+ 20. Kxe2 Nb6
21. Nd3 Nc4 22. f3 Ned6 23. b3 axb3 24. axb3 Nb6 25. Ra1 1/2-1/2

[Event "Superettan(Kamraterna-Schack 08)"]
[Site "?"]
[Date "2013.11.24"]
[Round "3"]
[White "Svensson, Bengt"]
[Black "Ingbrant, Johan"]
[Result "1/2-1/2"]
[WhiteElo "2408"]
[BlackElo "2440"]
[PlyCount "34"]

1. e4 d6 2. d4 Nf6 3. Nc3 e5 4. Nf3 Nbd7 5. Bc4 Be7 6. O-O O-O 7. Re1 c6 8. a4
a5 9. b3 Nb6 10. Bf1 exd4 11. Nxd4 d5 12. e5 Ne8 13. Bd3 g6 14. Nce2 Ng7 15. c3
Re8 16. h3 Nd7 17. Nf3 Nc5 1/2-1/2

[Event "Superettan(Kamraterna-Schack 08)"]
[Site "?"]
[Date "2013.11.24"]
[Round "3"]
[White "Laveryd, Peter"]
[Black "Svenn, Matti"]
[Result "1-0"]
[WhiteElo "2438"]
[BlackElo "2222"]
[PlyCount "41"]

1. e4 e5 2. f4 exf4 3. Bc4 d5 4. Bxd5 Nf6 5. Nc3 Bb4 6. Nf3 O-O 7. O-O Bg4 8.
Bxb7 Nbd7 9. d4 Rb8 10. Bc6 Rb6 11. Bxd7 Bxd7 12. Bxf4 Bxc3 13. bxc3 Nxe4 14.
Ne5 Bc8 15. Qd3 Bb7 16. c4 f6 17. Nf3 f5 18. d5 Ba6 19. Nd4 Nc5 20. Qa3 g5 21.
Qxc5 1-0

[Event "Superettan(Kamraterna-Schack 08)"]
[Site "?"]
[Date "2013.11.24"]
[Round "3"]
[White "Mohammadi, Amir"]
[Black "Ottenklev, Niclas"]
[Result "1-0"]
[WhiteElo "2292"]
[BlackElo "2202"]
[PlyCount "53"]

1. e4 c5 2. Nc3 Nc6 3. g3 g6 4. Bg2 Bg7 5. d3 d6 6. Be3 e6 7. Qd2 Rb8 8. Nge2
Nd4 9. O-O Ne7 10. Rae1 O-O 11. Nd1 b6 12. Nxd4 cxd4 13. Bh6 e5 14. Bxg7 Kxg7
15. f4 f6 16. Rf2 Be6 17. Ref1 Qd7 18. h4 h6 19. c3 dxc3 20. bxc3 f5 21. Ne3
exf4 22. Rxf4 fxe4 23. dxe4 Rxf4 24. gxf4 Rf8 25. h5 Bh3 26. hxg6 Nxg6 27. f5
1-0

[Event "Superettan(Kamraterna-Schack 08)"]
[Site "?"]
[Date "2013.11.24"]
[Round "3"]
[White "Schutz, Ingemar"]
[Black "Madebrink, Lars"]
[Result "1-0"]
[WhiteElo "2242"]
[BlackElo "2236"]
[PlyCount "77"]

1. e4 d5 2. exd5 Qxd5 3. Nc3 Qd6 4. d4 Nf6 5. Bg5 c6 6. Qd2 Bf5 7. f3 Nbd7 8.
Nge2 e6 9. g4 Bg6 10. Nf4 Nd5 11. Ncxd5 cxd5 12. O-O-O f6 13. Nxg6 hxg6 14. Bf4
Qb6 15. Bd3 Kf7 16. h4 Bd6 17. Be3 Rac8 18. h5 g5 19. f4 gxf4 20. Bxf4 Bxf4 21.
Qxf4 Qc7 22. Qf3 Qd6 23. Rhf1 Ke7 24. Rde1 Kd8 25. Qe3 e5 26. dxe5 Nxe5 27. Bf5
Rc5 28. Qa3 Qb6 29. b3 Kc7 30. Rd1 Rd8 31. Qb2 Qd6 32. Kb1 Nf7 33. Rfe1 Ng5 34.
Rd3 d4 35. Qa3 Qc6 36. Qxa7 Re5 37. Rxe5 fxe5 38. Qa5+ b6 39. Qxe5+ 1-0

[Event "Superettan(Kamraterna-Schack 08)"]
[Site "?"]
[Date "2013.11.24"]
[Round "3"]
[White "Andersson, Johan"]
[Black "Faldt, Magnus"]
[Result "1-0"]
[WhiteElo "2217"]
[BlackElo "2179"]
[PlyCount "79"]

1. e4 c5 2. Nf3 Nc6 3. Bb5 e6 4. Nc3 Nge7 5. O-O a6 6. Bxc6 Nxc6 7. d4 cxd4 8.
Nxd4 d6 9. Re1 Be7 10. Nxc6 bxc6 11. Qg4 Bf6 12. e5 h5 13. Qg3 dxe5 14. Rd1 Qc7
15. Ne4 Kf8 16. Nxf6 gxf6 17. Be3 c5 18. Bxc5+ Qxc5 19. Rd8+ Ke7 20. Rxh8 Bb7
21. Rxa8 Bxa8 22. Qd3 Qc6 23. f3 Qb6+ 24. Kh1 f5 25. Rd1 h4 26. Qd7+ Kf6 27.
Qd8+ Qxd8 28. Rxd8 Bd5 29. h3 Kg5 30. Kg1 e4 31. fxe4 fxe4 32. b3 e3 33. c4 Be4
34. c5 e5 35. Rg8+ Kf5 36. Rg4 Bc6 37. Kf1 Bb5+ 38. Ke1 e4 39. Rxh4 Ke5 40.
Rh5+ 1-0